LIBRARY & INFORMATION CENTRE, KCAET, TAVANUR

ONLINE PUBLIC ACCESS CATALOGUE (OPAC)

Natural resources and renewable energy / (Record no. 13133)

MARC details
000 -LEADER
fixed length control field 00374cam a2200145ua 4500
003 - CONTROL NUMBER IDENTIFIER
control field OSt
008 - FIXED-LENGTH DATA ELEMENTS--GENERAL INFORMATION
fixed length control field 241028b |||||||| |||| 00| 0 eng d
041 ## - LANGUAGE CODE
Language code of text/sound track or separate title eng
082 ## - DEWEY DECIMAL CLASSIFICATION NUMBER
Classification number 621.47
Item number SIN/NA
100 ## - MAIN ENTRY--AUTHOR NAME
Personal name Singh, M.P .
245 ## - TITLE STATEMENT
Title Natural resources and renewable energy /
260 ## - PUBLICATION, DISTRIBUTION, ETC. (IMPRINT)
Place of publication Delhi :
Name of publisher Daya publishing House ,
Year of publication 2004.
300 ## - PHYSICAL DESCRIPTION
Number of Pages xi + 472 ;
942 ## - ADDED ENTRY ELEMENTS (KOHA)
Koha item type Books
Holdings
Withdrawn status Lost status Damaged status Home library Current library Shelving location Date acquired Full call number Accession Number Koha item type
      KAUAET KAUAET Shelf- 7A 07/04/2012 621.47 SIN/NA 21572 Books
free website counter